Malayan rubber: The interwar years (Record no. 40435)

MARC details
000 -LEADER
fixed length control field 00326nam a2200121Ia 4500
082 ## - DEWEY DECIMAL CLASSIFICATION NUMBER
Classification number NR:338.45(595)
Item number DRA
100 ## - MAIN ENTRY--AUTHOR NAME
Personal name Drabble, John H
245 #0 - TITLE STATEMENT
Title Malayan rubber: The interwar years
260 ## - PUBLICATION, DISTRIBUTION, ETC. (IMPRINT)
Place of publication London
Name of publisher Macmillan
Year of publication 1991
650 ## - SUBJECT ADDED ENTRY--TOPICAL TERM
Topical Term Malayan rubber industry
942 ## - ADDED ENTRY ELEMENTS (KOHA)
Koha item type Books
Holdings
Withdrawn status Lost status Damaged status Not for loan Home library Current library Date acquired Cost, normal purchase price Full call number Accession Number Koha item type
        RRII Library RRII Library 16/12/2021 47.50 NR:338.45(595) DRA 20734 Books